[Event "TUR-chT Clubs"]
[Site "Konya"]
[Date "2019.07.18"]
[Round "4.2"]
[White "Salman, Ilhan Serhat"]
[Black "Aydin, Ismail"]
[Result "1-0"]
[WhiteElo "1950"]
[BlackElo "1896"]
[PlyCount "141"]
[EventDate "2019.07.16"]
[EventType "team-swiss"]
[EventRounds "9"]
[EventCountry "TUR"]
[SourceTitle "CBM 191 Extra"]
[Source "ChessBase"]
[SourceDate "2019.09.30"]
[SourceVersion "1"]
[SourceVersionDate "2019.09.30"]
[SourceQuality "1"]
[WhiteTeam "Duzce AS Genclik"]
[BlackTeam "Deniz Genclik"]
[WhiteTeamCountry "TUR"]
[BlackTeamCountry "TUR"]

1. Nf3 Nf6 2. g3 c5 3. d4 cxd4 4. Nxd4 g6 5. Bg2 Bg7 6. 0-0 0-0 7. e4 Nc6 8. c3 Qb6 9. Nb3 d6 10. Be3 Qa6 11. h3 Be6 12. Re1 Rad8 13. Na3 Ne5 14. Nd4 Bd7 15. Bf1 Qa4 16. Qxa4 Bxa4 17. f4 Nc6 18. b3 Nxd4 19. Bxd4 Bc6 20. Bg2 e5 21. fxe5 dxe5 22. Bc5 Rfe8 23. Bxa7 Rd3 24. Bf2 Rxc3 25. Nc4 Nh5 26. Rac1 Rd3 27. Bf1 Rd7 28. Na5 Bh6 29. Be3 Bxe3+ 30. Rxe3 Re6 31. Nxc6 bxc6 32. Be2 Rd2 33. Bxh5 gxh5 34. a4 h4 35. Ra1 Rf6 36. Rf1 Rg6 37. Rf2 Rd1+ 38. Kg2 Rd4 39. Ra2 c5 40. a5 Ra6 41. gxh4 Rb4 42. h5 Rb5 43. Kg3 Rbxa5 44. Rxa5 Rxa5 45. Kg4 Ra1 46. Kf5 Ra3 47. Rc3 Kg7 48. Rxc5 Rxb3 49. Kg4 Kf6 50. Rc6+ Ke7 51. Rc7+ Ke6 52. Rc6+ Ke7 53. Rh6 f6 54. Rxh7+ Ke6 55. Ra7 Re3 56. Ra6+ Kf7 57. Ra7+ Ke6 58. Ra6+ Kf7 59. Ra7+ Ke6 60. h6 Rxe4+ 61. Kh5 Rd4 62. h7 Rd8 63. Kg6 e4 64. Ra6+ Ke5 65. Rxf6 e3 66. Rf7 Rd6+ 67. Kg5 Rd8 68. Re7+ Kd4 69. Kg6 e2 70. Rxe2 Rd6+ 71. Kf7 1-0

[Event "TUR Cup"]
[Site "Antalya"]
[Date "2019.02.01"]
[Round "9"]
[White "Aydin, Ismail"]
[Black "Zekeriyaoglu, Ersen"]
[Result "1-0"]
[WhiteElo "1950"]
[BlackElo "1759"]
[PlyCount "107"]
[EventDate "2019.01.27"]
[EventType "swiss"]
[EventRounds "11"]
[EventCountry "TUR"]
[SourceTitle "CBM 188 Extra"]
[Source "ChessBase"]
[SourceDate "2019.02.26"]
[SourceVersion "1"]
[SourceVersionDate "2019.02.26"]
[SourceQuality "1"]

1. d4 Nf6 2. Nf3 b6 3. g3 Bb7 4. Bg2 e6 5. 0-0 c5 6. b3 Be7 7. c4 d5 8. cxd5 exd5 9. Nc3 0-0 10. Bg5 Ne4 11. Bxe7 Qxe7 12. Rc1 Rd8 13. e3 Nd7 14. Qe2 Rac8 15. Qb2 Ndf6 16. Bh3 Rb8 17. Ne5 Nxc3 18. Rxc3 Ne4 19. Rc2 f6 20. Nd3 c4 21. bxc4 dxc4 22. Rxc4 Ng5 23. Nf4 Nf3+ 24. Kh1 Nd2+ 25. Kg1 Nxc4 26. Qb3 b5 27. Be6+ Kh8 28. Qxb5 Nd2 29. Qh5 Nf3+ 30. Kh1 Ng5+ 31. f3 Qe8 32. Qg4 Nxe6 33. Nxe6 Rd7 34. e4 Re7 35. d5 Rxe6 36. dxe6 Bc8 37. Qf4 Bxe6 38. Qc7 Bxa2 39. Qxa7 Rb1 40. Rxb1 Bxb1 41. h4 Bd3 42. Kg2 h5 43. Qe3 Ba6 44. g4 hxg4 45. fxg4 Bb7 46. Kf3 Qe5 47. h5 Kh7 48. Qd3 Bc6 49. Qc4 Qb5 50. Qc2 Qf1+ 51. Kg3 Qe1+ 52. Kf4 Bd7 53. e5+ Kh6 54. Qg6# 1-0

[Event "TUR Cup"]
[Site "Antalya"]
[Date "2019.01.30"]
[Round "5"]
[White "Aydin, Ismail"]
[Black "Ozcan, Kadir Kutay"]
[Result "1/2-1/2"]
[WhiteElo "1950"]
[BlackElo "1794"]
[PlyCount "77"]
[EventDate "2019.01.27"]
[EventType "swiss"]
[EventRounds "11"]
[EventCountry "TUR"]
[SourceTitle "CBM 188 Extra"]
[Source "ChessBase"]
[SourceDate "2019.02.26"]
[SourceVersion "1"]
[SourceVersionDate "2019.02.26"]
[SourceQuality "1"]

1. d4 Nf6 2. Nf3 e6 3. c4 b6 4. g3 Bb7 5. Bg2 Be7 6. Nc3 0-0 7. 0-0 Ne4 8. Qc2 Nxc3 9. bxc3 f5 10. Rd1 Be4 11. Qb3 Nc6 12. a4 Na5 13. Qa2 Qc8 14. Ne5 Bxg2 15. Kxg2 d6 16. Nd3 c5 17. Bd2 cxd4 18. c5 dxc5 19. cxd4 c4 20. Ne5 Nb3 21. Rab1 Nxd2 22. Rxd2 c3 23. Rc2 Bf6 24. Nf3 Qc6 25. Kg1 Rad8 26. Rd1 g5 27. Rd3 g4 28. Ne5 Bxe5 29. Rdxc3 Qd5 30. dxe5 Qxa2 31. Rxa2 Rd5 32. Re3 Rc8 33. f4 Rc4 34. Kf2 Kf7 35. Rd3 Rdd4 36. Rda3 Ke7 37. Ke3 Re4+ 38. Kd2 Red4+ 39. Ke3 1/2-1/2

[Event "TUR Cup"]
[Site "Antalya"]
[Date "2019.01.28"]
[Round "2"]
[White "Akcun, Fayik"]
[Black "Aydin, Ismail"]
[Result "1-0"]
[WhiteElo "1614"]
[BlackElo "1950"]
[PlyCount "83"]
[EventDate "2019.01.27"]
[EventType "swiss"]
[EventRounds "11"]
[EventCountry "TUR"]
[SourceTitle "CBM 188 Extra"]
[Source "ChessBase"]
[SourceDate "2019.02.26"]
[SourceVersion "1"]
[SourceVersionDate "2019.02.26"]
[SourceQuality "1"]

1. e4 e6 2. d4 d5 3. Nc3 Nf6 4. Bg5 Be7 5. e5 Nfd7 6. Bxe7 Qxe7 7. f4 a6 8. Nf3 c5 9. Qd2 Nc6 10. dxc5 Nxc5 11. 0-0-0 b5 12. Bd3 g6 13. g4 Bb7 14. Rhf1 h5 15. h3 hxg4 16. hxg4 0-0-0 17. a3 Rh3 18. Ne2 Qc7 19. Kb1 Qb6 20. Ng5 Rh2 21. Nxf7 b4 22. b3 Rd7 23. Nd6+ Kb8 24. Qe3 bxa3 25. Bxg6 Na5 26. Nc1 Rc7 27. Rf2 d4 28. Qxd4 Rxf2 29. Qxf2 Bd5 30. Rxd5 exd5 31. Qd4 Qc6 32. Be8 Nd7 33. Qb4+ Ka8 34. Bg6 Nf8 35. Bd3 Qc5 36. Qxc5 Rxc5 37. b4 Rc4 38. Nxc4 Nxc4 39. Bxc4 dxc4 40. Ka2 Kb7 41. Kxa3 Kc6 42. Kb2 1-0

[Event "TUR-chT 2nd League"]
[Site "Konya"]
[Date "2017.07.19"]
[Round "4.16"]
[White "Aydin, Ismail"]
[Black "Bekiragaoglu, Umut"]
[Result "1/2-1/2"]
[WhiteElo "1896"]
[BlackElo "1802"]
[PlyCount "91"]
[EventDate "2017.07.17"]
[EventType "team-swiss"]
[EventRounds "9"]
[EventCountry "TUR"]
[SourceTitle "CBM 179 Extra"]
[Source "ChessBase"]
[SourceDate "2017.08.23"]
[SourceVersion "1"]
[SourceVersionDate "2017.08.23"]
[SourceQuality "1"]
[WhiteTeam "Antalya Deniz Genclik"]
[BlackTeam "Antalya Calli"]
[WhiteTeamCountry "TUR"]
[BlackTeamCountry "TUR"]

1. d4 d5 2. c4 dxc4 3. Nf3 Nf6 4. Nc3 e6 5. e3 c5 6. Bxc4 a6 7. 0-0 b5 8. Bb3 Bb7 9. Re1 cxd4 10. exd4 Be7 11. Bg5 0-0 12. Rc1 Nbd7 13. Ne5 Rc8 14. Nxd7 Qxd7 15. d5 exd5 16. Qd3 d4 17. Ne2 Rxc1 18. Rxc1 Qg4 19. Ng3 Qxg5 20. Rc7 Bxg2 21. Kxg2 Nd5 22. Bxd5 Qxd5+ 23. Qe4 Qxe4+ 24. Nxe4 f5 25. Rxe7 fxe4 26. Rxe4 Rd8 27. Kf3 d3 28. Re1 Rc8 29. Rd1 Rc2 30. Rxd3 Rxb2 31. Ra3 b4 32. Rxa6 b3 33. axb3 Rxb3+ 34. Kg4 Rb2 35. Kg3 Rb3+ 36. f3 Kf7 37. h3 h6 38. Kg4 Rb4+ 39. f4 g6 40. h4 Rb5 41. Rc6 Ra5 42. Rc7+ Kf6 43. Rc6+ Kf7 44. Rc3 Kf6 45. Rd3 Rb5 46. Rd6+ 1/2-1/2

[Event "TUR-chT 2nd League"]
[Site "Konya"]
[Date "2017.07.17"]
[Round "1.7"]
[White "Morchiashvili, Bachana"]
[Black "Aydin, Ismail"]
[Result "1-0"]
[WhiteElo "2395"]
[BlackElo "1896"]
[PlyCount "81"]
[EventDate "2017.07.17"]
[EventType "team-swiss"]
[EventRounds "9"]
[EventCountry "TUR"]
[SourceTitle "CBM 179 Extra"]
[Source "ChessBase"]
[SourceDate "2017.08.23"]
[SourceVersion "1"]
[SourceVersionDate "2017.08.23"]
[SourceQuality "1"]
[WhiteTeam "Konya Erkin"]
[BlackTeam "Antalya Deniz Genclik"]
[WhiteTeamCountry "TUR"]
[BlackTeamCountry "TUR"]

1. d4 d5 2. Nf3 e6 3. c4 Nf6 4. Nc3 c6 5. cxd5 cxd5 6. Bg5 Be7 7. e3 0-0 8. Bd3 Nbd7 9. 0-0 Ne8 10. Bf4 Nd6 11. Rc1 f5 12. Bxd6 Bxd6 13. Nb5 Nf6 14. Qc2 Ne8 15. Nxd6 Qxd6 16. Ne5 Bd7 17. Qc5 Qxc5 18. Rxc5 Rd8 19. g3 g6 20. Rfc1 Kg7 21. Rc7 Nxc7 22. Rxc7 Kg8 23. Rxd7 Rxd7 24. Nxd7 Rc8 25. Nc5 e5 26. Nxb7 Rc1+ 27. Kg2 exd4 28. exd4 Rd1 29. Nc5 Rd2 30. b3 Rxa2 31. Kf3 Kf7 32. h4 Kf6 33. Ba6 Ke7 34. Bc8 Rc2 35. Be6 h6 36. Bxd5 g5 37. hxg5 hxg5 38. Bc4 Rc1 39. g4 Rc3+ 40. Bd3 fxg4+ 41. Kxg4 1-0

[Event "TUR-chT2"]
[Site "Konya"]
[Date "2016.07.21"]
[Round "7.12"]
[White "Aydin, Ismail"]
[Black "Sevdimaliyev, Urfan"]
[Result "0-1"]
[WhiteElo "1890"]
[BlackElo "2402"]
[PlyCount "81"]
[EventDate "2016.07.17"]
[EventType "team-swiss"]
[EventRounds "9"]
[EventCountry "TUR"]
[SourceTitle "CBM 173 Extra"]
[Source "ChessBase"]
[SourceDate "2016.08.29"]
[SourceVersion "1"]
[SourceVersionDate "2016.08.29"]
[SourceQuality "1"]
[WhiteTeam "Antalya Deniz Genclik"]
[BlackTeam "Gaziantep Sader"]
[WhiteTeamCountry "TUR"]
[BlackTeamCountry "TUR"]

1. d4 Nf6 2. c4 g6 3. Nc3 d5 4. Nf3 Bg7 5. Bf4 c5 6. e3 cxd4 7. exd4 0-0 8. Be2 dxc4 9. 0-0 Nbd7 10. Bxc4 Nb6 11. Bb3 Nfd5 12. Be5 Bh6 13. Ne4 Bd7 14. Ne1 Bc6 15. Qg4 Nf6 16. Qh4 Bg7 17. Nc5 a5 18. Ned3 a4 19. Bd1 Nc4 20. Rc1 Nd6 21. Nb4 Bb5 22. Re1 b6 23. Ncd3 Nf5 24. Qh3 Rc8 25. Rxc8 Qxc8 26. Nf4 Qc4 27. Nc2 Qxa2 28. Qc3 Qc4 29. Na3 Qxc3 30. bxc3 Bc6 31. Bc7 h5 32. Nxh5 Nd5 33. Nxg7 Kxg7 34. Bf3 Rc8 35. Bxd5 Rxc7 36. Ba2 e6 37. f3 Bd7 38. Nc4 b5 39. Ne5 Bc8 40. g4 Nh4 41. Rc1 0-1

[Event "TUR-chT2"]
[Site "Konya"]
[Date "2016.07.19"]
[Round "4.11"]
[White "Aydin, Ismail"]
[Black "Sadikhov, Ulvi Ramil Oglu"]
[Result "0-1"]
[WhiteElo "1890"]
[BlackElo "2380"]
[PlyCount "25"]
[EventDate "2016.07.17"]
[EventType "team-swiss"]
[EventRounds "9"]
[EventCountry "TUR"]
[SourceTitle "CBM 173 Extra"]
[Source "ChessBase"]
[SourceDate "2016.08.29"]
[SourceVersion "1"]
[SourceVersionDate "2016.08.29"]
[SourceQuality "1"]
[WhiteTeam "Antalya Deniz Genclik"]
[BlackTeam "Denizli Pamukkale Yonetimi"]
[WhiteTeamCountry "TUR"]
[BlackTeamCountry "TUR"]

1. d4 d6 2. c4 e5 3. dxe5 dxe5 4. Qxd8+ Kxd8 5. g3 c6 6. Bg2 Be6 7. b3 Nd7 8. Nf3 f6 9. Ba3 Bxa3 10. Nxa3 Kc7 11. b4 a5 12. b5 Ne7 13. 0-0 0-1

[Event "TUR-chT2"]
[Site "Konya"]
[Date "2016.07.18"]
[Round "3.10"]
[White "Aydin, Ismail"]
[Black "Karaokcu, Erkin"]
[Result "1/2-1/2"]
[WhiteElo "1890"]
[BlackElo "2104"]
[PlyCount "113"]
[EventDate "2016.07.17"]
[EventType "team-swiss"]
[EventRounds "9"]
[EventCountry "TUR"]
[SourceTitle "CBM 173 Extra"]
[Source "ChessBase"]
[SourceDate "2016.08.29"]
[SourceVersion "1"]
[SourceVersionDate "2016.08.29"]
[SourceQuality "1"]
[WhiteTeam "Antalya Deniz Genclik"]
[BlackTeam "Ankara Orta Dogu"]
[WhiteTeamCountry "TUR"]
[BlackTeamCountry "TUR"]

1. d4 Nf6 2. Nf3 c5 3. e3 g6 4. c4 Bg7 5. Nc3 0-0 6. Be2 d5 7. 0-0 cxd4 8. exd4 dxc4 9. Bxc4 Nc6 10. h3 Na5 11. Bd3 Be6 12. Re1 Rc8 13. Bg5 Bc4 14. Rc1 h6 15. Bh4 Bxd3 16. Qxd3 Nc6 17. a3 g5 18. Bg3 Nh5 19. Rcd1 Nxg3 20. fxg3 Qb6 21. Qb5 Qxb5 22. Nxb5 a6 23. Nc3 e6 24. Rd3 Rfd8 25. Red1 Ne7 26. Ne4 Rc2 27. R1d2 Rxd2 28. Nexd2 Nf5 29. Nb3 Nxg3 30. Kf2 Ne4+ 31. Ke2 Ng3+ 32. Kd2 Nf5 33. g4 Nd6 34. Nc5 Kf8 35. b3 b6 36. Na4 Nb5 37. Nxb6 Nxa3 38. d5 exd5 39. Rxd5 Rxd5+ 40. Nxd5 Nb5 41. Kd3 Ke8 42. h4 gxh4 43. Nxh4 Kd7 44. Nf5 Bf8 45. Nf6+ Ke6 46. Nh7 Be7 47. Nxh6 Nd6 48. Kd4 f6 49. Ng8 Bd8 50. Kc5 Nb7+ 51. Kc6 Na5+ 52. Kc5 Nxb3+ 53. Kb4 Nd4 54. Ngxf6 Nc6+ 55. Kc5 Ne5 56. g5 Kf7 57. Ne4 1/2-1/2

[Event "TUR-chT2"]
[Site "Konya"]
[Date "2014.06.26"]
[Round "6.9"]
[White "Aydin, Ismail"]
[Black "Ozmen, Halil Nejat"]
[Result "1/2-1/2"]
[WhiteElo "1941"]
[BlackElo "1928"]
[PlyCount "22"]
[EventDate "2014.06.23"]
[EventType "team-swiss"]
[EventRounds "9"]
[EventCountry "TUR"]
[SourceTitle "CBM 161 Extra"]
[Source "ChessBase"]
[SourceDate "2014.08.29"]
[SourceVersion "1"]
[SourceVersionDate "2014.08.29"]
[SourceQuality "1"]
[WhiteTeam "Deniz Genclik"]
[BlackTeam "Antalya"]
[WhiteTeamCountry "TUR"]
[BlackTeamCountry "TUR"]

1. d4 d5 2. c4 c6 3. Nc3 Nf6 4. e3 e6 5. Nf3 Be7 6. Bd3 dxc4 7. Bxc4 0-0 8. 0-0 Nbd7 9. Re1 b5 10. Bb3 a6 11. e4 Bb7 1/2-1/2

[Event "TUR-ch"]
[Site "Kemer"]
[Date "2011.02.12"]
[Round "9"]
[White "Aydin, Ismail"]
[Black "Donmez, Yusuf"]
[Result "0-1"]
[WhiteElo "1870"]
[BlackElo "2113"]
[PlyCount "110"]
[EventDate "2011.02.05"]
[EventType "swiss"]
[EventRounds "10"]
[EventCountry "TUR"]
[SourceTitle "CBM 140 Extra"]
[Source "ChessBase"]
[SourceDate "2011.03.01"]
[SourceVersion "1"]
[SourceVersionDate "2011.03.01"]
[SourceQuality "1"]

1. d4 Nf6 2. Nf3 e6 3. c4 Nc6 4. Nc3 Bb4 5. Qc2 d6 6. Bg5 h6 7. Bh4 g5 8. Bg3 g4 9. Nd2 Nxd4 10. Qd3 c5 11. Bh4 Nf5 12. Bxf6 Qxf6 13. Nde4 Qd4 14. 0-0-0 Bxc3 15. Qxc3 Qxc3+ 16. bxc3 Ke7 17. h3 Rg8 18. hxg4 Rxg4 19. f3 Rg6 20. Rd3 e5 21. g4 Ng7 22. Bg2 f5 23. Ng3 Be6 24. f4 exf4 25. Nh5 Nxh5 26. Rxh5 Bxc4 27. Rf3 Bxe2 28. Rxf4 Bxg4 29. Rh2 Rb8 30. Ra4 a6 31. Bd5 Kf6 32. Rb2 Rg7 33. Rb6 Ke5 34. c4 f4 35. Ra3 Rf8 36. Kd2 f3 37. Re3+ Kf4 38. Rxd6 f2 39. Bg2 Bh5 40. Re4+ Kg3 41. Bf1 Bf3 42. Re3 Kf4 43. Rdd3 Be4 44. Rb3 Rg1 45. Ke2 Ke5 46. Rxb7 Rf4 47. Rd7 Kf6 48. Rd6+ Kg5 49. Rxa6 Rxf1 50. Rg3+ Kh4 51. Rg7 Bf3+ 52. Ke3 Rf5 53. Rag6 Bh5 54. Rg2 Re1+ 55. Kd2 Rh1 0-1

[Event "Antalya op"]
[Site "Antalya"]
[Date "2011.01.09"]
[Round "3"]
[White "Dalgar, Hakki Berat"]
[Black "Aydin, Ismail"]
[Result "0-1"]
[WhiteElo "1591"]
[BlackElo "1870"]
[PlyCount "122"]
[EventDate "2011.01.08"]
[EventType "swiss"]
[EventRounds "9"]
[EventCountry "TUR"]
[SourceTitle "EXT 2012"]
[Source "ChessBase"]
[SourceDate "2011.11.24"]
[SourceVersion "1"]
[SourceVersionDate "2011.11.24"]
[SourceQuality "1"]

1. d4 d5 2. c4 e6 3. Nf3 Nf6 4. Bg5 Be7 5. Nc3 c6 6. e3 Nbd7 7. cxd5 exd5 8. Bd3 h6 9. Bh4 0-0 10. 0-0 Re8 11. Qc2 Ne4 12. Bxe7 Qxe7 13. Nd2 Ndf6 14. Ndxe4 dxe4 15. Be2 a5 16. a4 Bd7 17. Rfd1 Nd5 18. Nxd5 cxd5 19. Qb3 Qg5 20. Bf1 Bh3 21. Rdc1 Ra6 22. Kh1 Rg6 23. g3 Qf5 24. Bxh3 Qxh3 25. Qxd5 Rg5 26. Qd6 Rh5 27. g4 Qf3+ 28. Kg1 Qxg4+ 29. Qg3 Qf5 30. Rc5 Qxc5 31. dxc5 Rg5 32. Qxg5 hxg5 33. Rc1 Rc8 34. Kg2 Kf8 35. f3 exf3+ 36. Kxf3 Ke7 37. Kg4 Kf6 38. Rf1+ Kg6 39. Rf5 f6 40. b3 Re8 41. Rf3 f5+ 42. Kg3 g4 43. Rf2 Rxe3+ 44. Kf4 Rxb3 45. Ke5 Re3+ 46. Kd6 Re4 47. Kc7 Rb4 48. Re2 Kg5 49. h3 Kh4 50. hxg4 fxg4 51. Rh2+ Kg3 52. Rh7 g5 53. Rd7 Kf4 54. Rf7+ Ke5 55. Rg7 Kf6 56. Rh7 g3 57. Rh1 Kf5 58. c6 bxc6 59. Kxc6 Kg4 60. Kc5 g2 61. Rg1 Kf3 0-1